000
00244nam a2200097Ia 4500
008
230508s1999 xx 000 0 und d
041
_a
eng
100
_a
JOHN J. CRAIG
245
_a
INTRODUCTION TO ROBOTICS
260
_b
ADDISON WESLEY PUBLI
_c
1999
999
_c
334010
_d
334010